Bridges and transmission line structures : (Record no. 550010)

000 -LEADER
fixed length control field 00897pam a2200181 a 4500
020 ## - INTERNATIONAL STANDARD BOOK NUMBER
International Standard Book Number 087262613X (pbk.)
082 00 - DEWEY DECIMAL CLASSIFICATION NUMBER
Classification number 624.25
Author Mark BRI
-- L-39, P-186
245 10 - TITLE STATEMENT
Title Bridges and transmission line structures :
Remainder of title proceedings of the sessions at Structures Congress '87 related to bridges and transmission line structures : Hyatt Orlando Hotel, Orlando, Florida, August 17-20, 1987 /
Statement of responsibility, etc. sponsored by the Structural Division of the American Society of Civil Engineers ; edited by Lambert Tall.
260 ## - PUBLICATION, DISTRIBUTION, ETC.
Place of publication, distribution, etc. New York, N.Y. :
Name of publisher, distributor, etc. The Society,
Date of publication, distribution, etc. c1987.
300 ## - PHYSICAL DESCRIPTION
Extent ix, 501 p. :
Other physical details ill. ;
Dimensions 22 cm.
526 ## - STUDY PROGRAM INFORMATION NOTE
Program name 0
Interest level 0
Reading level 0
Title point value 624_250000000000000_BRI
650 #0 - SUBJECT ADDED ENTRY--TOPICAL TERM
Topical term or geographic name entry element Bridges
General subdivision Design and construction
9 (RLIN) 801
650 #0 - SUBJECT ADDED ENTRY--TOPICAL TERM
Topical term or geographic name entry element Electric lines
General subdivision Poles and towers
-- Design and construction
9 (RLIN) 46664
650 #0 - SUBJECT ADDED ENTRY--TOPICAL TERM
Topical term or geographic name entry element MCE
9 (RLIN) 379
700 1# - ADDED ENTRY--PERSONAL NAME
Personal name Tall, Lambert.
9 (RLIN) 46779
710 2# - ADDED ENTRY--CORPORATE NAME
Corporate name or jurisdiction name as entry element American Society of Civil Engineers.
9 (RLIN) 702
942 ## - ADDED ENTRY ELEMENTS (KOHA)
Source of classification or shelving scheme
Koha item type Book
Holdings
Withdrawn status Lost status Source of classification or shelving scheme Damaged status Not for loan Permanent Location Current Location Date acquired Total Checkouts Full call number Barcode Date last seen Price effective from Koha item type
          Military College of Engineering (MCE) Military College of Engineering (MCE) 10/20/2014   624.25 BRI MCE-43484 10/20/2014 10/20/2014 Book
© 2023 Central Library, National University of Sciences and Technology. All Rights Reserved.